[Event "Tournoi Skype 028B"]
[Site "Skype"]
[Date "????.??.??"]
[Round "9.40"]
[White "Sosa, Juan Carlos"]
[Black "Duthoit, Bernard"]
[Result "1-0"]
[WhiteElo "1000"]
[BlackElo "1379"]
[PlyCount "123"]

1. d4 e5 2. d5 d6 3. e4 Bd7 4. Nc3 Nf6 5. Nf3 c6 6. Bc4 b5 7. Bd3 cxd5 8. Nxd5
Nxd5 9. exd5 Na6 10. O-O Nc7 11. c4 bxc4 12. Bxc4 g6 13. Bg5 f6 14. Bd2 Bg7 15.
a4 Bg4 16. h3 h5 17. hxg4 hxg4 18. Nh2 f5 19. Nxg4 Qh4 20. f3 fxg4 21. fxg4 Qg3
22. Rf3 Qh2+ 23. Kf1 e4 24. Rf4 Qh1+ 25. Kf2 Bd4+ 26. Be3 Bxe3+ 27. Kxe3 Qxg2
28. Rxe4+ Kd7 29. Qe2 Qxe2+ 30. Kxe2 Rh2+ 31. Kd3 Rxb2 32. Rae1 Re8 33. Rxe8
Nxe8 34. Bb5+ Rxb5 35. axb5 Nc7 36. Kc4 Na8 37. Ra1 Nb6+ 38. Kd4 Nc8 39. g5 Kc7
40. Rc1+ Kd7 41. Ke4 Nb6 42. Rc6 Nc8 43. Ra6 Ke7 44. Kd4 Kd7 45. Ra2 Kc7 46.
Rf2 Kb6 47. Kc4 Ka5 48. Rf6 Nb6+ 49. Kd4 Kxb5 50. Rxd6 a5 51. Rxg6 a4 52. d6 a3
53. Rf6 a2 54. Rf1 Kc6 55. g6 Nd7 56. g7 Nf6 57. Ke5 Ng8 58. Ke6 Kb7 59. d7 Kc7
60. Ra1 Nf6 61. Kxf6 Kxd7 62. Rxa2 1-0

[Event "Tournoi Skype 028B"]
[Site "Skype"]
[Date "????.??.??"]
[Round "9.41"]
[White "Latterra, Jeremias"]
[Black "Le Bouill, Pierre"]
[Result "1/2-1/2"]
[WhiteElo "1065"]
[BlackElo "1252"]
[PlyCount "43"]

1. e4 d5 2. Nc3 dxe4 3. Nxe4 Bf5 4. Bd3 e6 5. Nf3 Nf6 6. Nxf6+ Qxf6 7. Bxf5
Qxf5 8. d4 Be7 9. O-O O-O 10. Be3 Nc6 11. c3 Na5 12. b4 Nc4 13. Qe2 Nd6 14.
Rfd1 c6 15. Qd3 Qxd3 16. Rxd3 Bf6 17. Bg5 Bxg5 18. Nxg5 h6 19. Nf3 f6 20. a4 a6
21. Rc1 Rac8 22. a5 1/2-1/2

[Event "Tournoi Skype 028B"]
[Site "Skype"]
[Date "????.??.??"]
[Round "9.42"]
[White "Busto, Ricardo"]
[Black "Almendares, Maximo"]
[Result "1/2-1/2"]
[WhiteElo "1210"]
[BlackElo "1000"]
[PlyCount "71"]

1. e4 e5 2. Bc4 Nf6 3. Nf3 d5 4. exd5 Bc5 5. Nxe5 O-O 6. c3 Ne4 7. d4 Re8 8.
O-O Bd6 9. Nf3 Bg4 10. Be2 Bxf3 11. Bxf3 Qf6 12. Qc2 Qg6 13. Be3 Nd7 14. Bxe4
Rxe4 15. Nd2 Qh5 16. g3 Rg4 17. Ne4 Qf5 18. f3 Rg6 19. Rac1 h5 20. Nxd6 Qxc2
21. Rxc2 cxd6 22. Re2 h4 23. Bf4 hxg3 24. Bxg3 Nf6 25. Rg2 Nxd5 26. Re1 Nc7 27.
Re4 Ne6 28. Bxd6 Ng5 29. Reg4 Nxf3+ 30. Kh1 Rxd6 31. Rxg7+ Kh8 32. R7g3 Nh4 33.
Rh3 Rh6 34. Rg4 Kh7 35. Rhxh4 Rxh4 36. Rxh4+ 1/2-1/2

[Event "Tournoi Skype 028B"]
[Site "Skype"]
[Date "????.??.??"]
[Round "9.45"]
[White "Tolaro, Filippa"]
[Black "Luna Perez Vico, Lorenzo"]
[Result "0-1"]
[WhiteElo "1065"]
[BlackElo "1458"]
[PlyCount "130"]

1. Nf3 Nc6 2. d4 d5 3. b3 Nf6 4. Bb2 g6 5. e3 Bg7 6. Bd3 a6 7. c4 Nb4 8. Be2
Bf5 9. O-O Nc2 10. Nc3 Nxa1 11. Qxa1 c6 12. Qd1 O-O 13. cxd5 cxd5 14. Nh4 Bd7
15. Bd3 e6 16. Nf3 Rc8 17. Ne5 Be8 18. Ba3 Rxc3 19. Bxf8 Kxf8 20. Bb1 Nd7 21.
Qd2 Qc7 22. f4 Nxe5 23. fxe5 Kg8 24. e4 Bb5 25. Re1 dxe4 26. Bxe4 b6 27. a4 Be8
28. b4 Bxa4 29. Ra1 Bb5 30. d5 exd5 31. Qxd5 Bxe5 32. Qa8+ Qc8 33. Qd5 Rc1+ 34.
Rxc1 Qxc1+ 35. Kf2 Qf4+ 36. Bf3 Qd4+ 37. Ke1 Qxd5 38. Bxd5 Bc3+ 39. Kf2 Bxb4
40. h4 Kg7 41. g4 a5 42. Kf3 a4 43. Ba2 Bc6+ 44. Kf4 a3 45. g5 Bd2+ 46. Ke5
Bc3+ 47. Kd6 Be8 48. Ke7 Bb5 49. Bxf7 Be1 50. h5 gxh5 51. Bxh5 a2 52. Ke6 a1=Q
53. Kf5 Bd7+ 54. Ke4 Qa4+ 55. Ke3 Bh4 56. g6 hxg6 57. Bf3 Qa3+ 58. Kf4 g5+ 59.
Ke5 Qxf3 60. Kd6 Qc6+ 61. Ke5 Kg6 62. Kd4 Qc5+ 63. Kd3 Bf5+ 64. Ke2 Qc2+ 65.
Ke3 Qd3# 0-1

[Event "Tournoi Skype 028B"]
[Site "Skype"]
[Date "????.??.??"]
[Round "9.46"]
[White "Schuh, David"]
[Black "Escudero Ocana, Francisco"]
[Result "1-0"]
[WhiteElo "1057"]
[BlackElo "1398"]
[PlyCount "78"]

1. d4 Nf6 2. c4 Ne4 3. Nf3 e6 4. e3 Bb4+ 5. Nbd2 c5 6. Bd3 Nxd2 7. Bxd2 Qb6 8.
a3 Bxd2+ 9. Qxd2 Nc6 10. O-O cxd4 11. exd4 Nxd4 12. Nxd4 Qxd4 13. Rfe1 d6 14.
Re4 Qf6 15. Rae1 e5 16. b4 Bf5 17. R4e3 e4 18. Bxe4 Bxe4 19. Rxe4+ Kd7 20. c5
Rhe8 21. Rxe8 Rxe8 22. Rxe8 Kxe8 23. Qe3+ Kd7 24. g3 Qa1+ 25. Kg2 Qa2 26. cxd6
Qd5+ 27. Kg1 b6 28. Qc3 Kxd6 29. Qxg7 Qb3 30. Qxh7 Qxa3 31. Qxf7 a5 32. Qf4+
Kd5 33. b5 Qb4 34. Qf7+ Kc5 35. h4 a4 36. h5 a3 37. h6 Qe4 38. f3 Qe2 39. h7
Qf1+ 1-0

[Event "Tournoi Skype 028B"]
[Site "Skype"]
[Date "????.??.??"]
[Round "9.47"]
[White "Codina, Teresa"]
[Black "Dib, Catherine"]
[Result "1-0"]
[WhiteElo "1310"]
[BlackElo "1070"]
[PlyCount "35"]

1. d4 Nf6 2. e3 g6 3. f4 Bg7 4. Nf3 d6 5. Bd3 O-O 6. c3 Nbd7 7. O-O b6 8. Nbd2
Bb7 9. Rf2 Nd5 10. Nf1 c5 11. Bd2 Rc8 12. Rc1 f6 13. Be4 e5 14. fxe5 fxe5 15.
dxe5 dxe5 16. c4 N5f6 17. Bxb7 Ne4 18. Bxe4 1-0

[Event "Tournoi Skype 028B"]
[Site "Skype"]
[Date "????.??.??"]
[Round "9.48"]
[White "Hargez, Dany"]
[Black "Torres, Vicky"]
[Result "0-1"]
[WhiteElo "1296"]
[BlackElo "1055"]
[PlyCount "78"]

1. e4 c5 2. d4 e6 3. d5 d6 4. Bb5+ Bd7 5. Nc3 e5 6. Nf3 a6 7. Bxd7+ Nxd7 8. O-O
Ngf6 9. Bg5 Be7 10. Nh4 O-O 11. Nf5 h6 12. Nxe7+ Qxe7 13. Bh4 Rfe8 14. f4 Nf8
15. f5 b5 16. Ne2 N8h7 17. Ng3 Qc7 18. Nh5 Nxe4 19. Nxg7 Kxg7 20. Qg4+ Neg5 21.
Bxg5 Nxg5 22. h4 f6 23. hxg5 hxg5 24. Qh5 Qf7 25. g4 Rh8 26. Qg6+ Qxg6 27. fxg6
Kxg6 28. Rf5 Rh4 29. Rf2 Rxg4+ 30. Rg2 Rd4 31. Rg3 Rxd5 32. Rd3 Rd4 33. Rad1
Rh8 34. Rxd4 cxd4 35. Rd2 Rh4 36. b3 Rg4+ 37. Rg2 Re4 38. Kh2 Re1 39. Kh3 d5
0-1

[Event "Tournoi Skype 028B"]
[Site "Skype"]
[Date "????.??.??"]
[Round "9.49"]
[White "Bland, Marilyn"]
[Black "Baker, Abi"]
[Result "1-0"]
[WhiteElo "1000"]
[BlackElo "1188"]
[PlyCount "113"]

1. d4 d5 2. Nf3 Nf6 3. e3 Bg4 4. Be2 Qd6 5. O-O Nbd7 6. Nbd2 O-O-O 7. b3 h6 8.
Bb2 g5 9. h3 Bxf3 10. Bxf3 e5 11. c4 e4 12. Be2 h5 13. b4 Qxb4 14. Qc2 Qd6 15.
Qa4 Qb6 16. Bc3 g4 17. Ba5 Qd6 18. h4 Be7 19. c5 Nxc5 20. dxc5 Qxc5 21. Rac1
Qxc1 22. Rxc1 Ne8 23. Qd4 Rh6 24. Qxa7 Bxh4 25. Qa8+ Kd7 26. Qxb7 Rc8 27. Qxd5+
Ke7 28. Qxe4+ Kf8 29. Bb4+ Nd6 30. Bxd6+ Rxd6 31. Nc4 Rf6 32. Qh7 Bxf2+ 33. Kh2
h4 34. Qh8+ Ke7 35. Qxc8 g3+ 36. Kh3 c6 37. Qc7+ Kf8 38. Kxh4 Rh6+ 39. Kg4 Rg6+
40. Kf5 Rh6 41. Qc8+ Kg7 42. Rf1 Rf6+ 43. Ke5 Re6+ 44. Qxe6 fxe6 45. Kxe6 c5
46. a4 Kg6 47. a5 Kg5 48. a6 Kh4 49. Rh1+ Kg5 50. a7 Bxe3 51. Nxe3 Kf4 52. Nd5+
Ke4 53. a8=Q Kd4 54. Qa4+ c4 55. Rd1+ Kc5 56. Qa5+ Kc6 57. Qb6# 1-0

[Event "Tournoi Skype 028B"]
[Site "Skype"]
[Date "????.??.??"]
[Round "9.51"]
[White "Nakamura, Seiichi"]
[Black "Pourtahmasbi, Ednun"]
[Result "0-1"]
[WhiteElo "1000"]
[BlackElo "1125"]
[PlyCount "74"]

1. d4 d5 2. Bf4 Bf5 3. Nf3 Nc6 4. c3 Nf6 5. h3 e6 6. e3 Bd6 7. Bxd6 Qxd6 8. Bd3
Ne4 9. O-O O-O-O 10. Bb5 Ne7 11. Qb3 b6 12. Ba6+ Kb8 13. Na3 c6 14. Nc2 g5 15.
a4 g4 16. hxg4 Bxg4 17. Be2 Bxf3 18. Qb4 Bxe2 19. Qxd6+ Rxd6 20. Rfe1 Bg4 21.
f3 Bxf3 22. gxf3 Rg8+ 23. Kf1 Ng3+ 24. Kf2 e5 25. e4 dxe4 26. fxe4 Rf6+ 27. Ke3
Ng6 28. a5 Rf4 29. dxe5 Rxe4+ 30. Kd3 Nxe5+ 31. Kd2 Nc4+ 32. Kc1 Ne2+ 33. Kb1
Rd8 34. axb6 Kb7 35. bxa7 Ka8 36. Ra4 Nd2+ 37. Ka2 Rxa4+ 0-1

[Event "Tournoi Skype 028B"]
[Site "Skype"]
[Date "????.??.??"]
[Round "9.52"]
[White "Ruiz Aguilera, Juan Jesus"]
[Black "Mira Poveda, Jose Antonio"]
[Result "0-1"]
[WhiteElo "1083"]
[BlackElo "1000"]
[PlyCount "56"]

1. d4 d5 2. g3 Nc6 3. Nf3 Nf6 4. Bg2 Bf5 5. c3 e6 6. O-O Bd6 7. Nbd2 O-O 8. Re1
e5 9. Nh4 Be4 10. Bxe4 Nxe4 11. Nxe4 dxe4 12. d5 Ne7 13. Bg5 h6 14. Bxe7 Qxe7
15. Nf5 Qf6 16. Nxd6 Qxd6 17. e3 Rad8 18. c4 c6 19. Qd2 Qc5 20. Rac1 cxd5 21.
cxd5 Qd6 22. Red1 f5 23. Kg2 f4 24. f3 exf3+ 25. Kxf3 fxg3+ 26. Kxg3 Qg6+ 27.
Kh3 Rf3+ 28. Kh4 Qg5# 0-1

[Event "Tournoi Skype 028B"]
[Site "Skype"]
[Date "????.??.??"]
[Round "9.53"]
[White "Souza, Jeferson De Oliveira"]
[Black "Ramirez, Luis Antonio"]
[Result "1-0"]
[WhiteElo "1000"]
[BlackElo "1075"]
[PlyCount "101"]

1. f4 f5 2. d4 c6 3. Nf3 d6 4. c3 Nf6 5. e3 Nbd7 6. Bd3 g6 7. O-O Bg7 8. a3 d5
9. Ng5 h5 10. Ne6 Qb6 11. Nxg7+ Kf7 12. Nxf5 gxf5 13. Bxf5 Qd8 14. Rf3 Rg8 15.
Nd2 Nf8 16. Bd3 N8h7 17. f5 Ng5 18. Rg3 h4 19. Rg4 Nxg4 20. Qxg4 e6 21. Qh5+
Kf8 22. Qh6+ Ke7 23. f6+ Kd6 24. b4 Nh3+ 25. Kf1 Rh8 26. Qg7 Rg8 27. Qh6 Qf8
28. Qxf8+ Rxf8 29. e4 Ng5 30. e5+ Kc7 31. c4 Bd7 32. c5 Rh8 33. Nf3 Rag8 34.
Nxg5 Be8 35. b5 Bh5 36. bxc6 bxc6 37. Bd2 Kd7 38. Rb1 Bg6 39. Rb7+ Kc8 40. Ba6
Bd3+ 41. Ke1 Bxa6 42. Re7 Kd8 43. Nf7+ Kc8 44. Nxh8 Rxh8 45. f7 Bd3 46. Re8+
Rxe8 47. fxe8=Q+ Kb7 48. Ba5 Ka6 49. Qd8 Kb7 50. Qc7+ Ka8 51. Qc8# 1-0

[Event "Tournoi Skype 028B"]
[Site "Skype"]
[Date "????.??.??"]
[Round "9.54"]
[White "Vasquez Donaire, Ivis Godofredo"]
[Black "Funez, Lilian"]
[Result "0-1"]
[WhiteElo "1000"]
[BlackElo "1000"]
[PlyCount "48"]

1. e4 e5 2. Nf3 Nc6 3. Bb5 a6 4. Ba4 Nf6 5. d3 d6 6. O-O Be7 7. c3 O-O 8. Bc2
Re8 9. d4 Bg4 10. h3 Bxf3 11. Qxf3 exd4 12. cxd4 Nxd4 13. Qd1 Nxc2 14. Qxc2 c6
15. Nc3 d5 16. e5 Nd7 17. e6 fxe6 18. Re1 d4 19. Na4 b5 20. Rxe6 c5 21. Qf5
bxa4 22. Qf7+ Kxf7 23. Re4 Bd6 24. Rg4 Re1# 0-1

[Event "Tournoi Skype 028B"]
[Site "Skype"]
[Date "????.??.??"]
[Round "9.55"]
[White "Schnell, Nicolas"]
[Black "Rodriguez Tovar, Liliana"]
[Result "0-1"]
[WhiteElo "1099"]
[BlackElo "1000"]
[PlyCount "44"]

1. e4 e6 2. Nf3 d5 3. e5 c5 4. c3 Nc6 5. Bb5 Bd7 6. d4 Nxe5 7. Bf1 Nxf3+ 8.
Qxf3 Qb6 9. c4 Ne7 10. Nc3 cxd4 11. Ne2 Qb4+ 12. Nc3 dxc3 13. b3 Nf5 14. Qf4
Bd6 15. Qg4 c2+ 16. Ke2 O-O 17. Bb2 dxc4 18. Kf3 Bc6+ 19. Ke2 Qb5 20. Bc3 Bb4
21. Bf6 cxb3+ 22. Qc4 Qxc4# 0-1

[Event "Tournoi Skype 028B"]
[Site "Skype"]
[Date "????.??.??"]
[Round "9.56"]
[White "Campos Silva, Lucas"]
[Black "Maccaferri, Massimo"]
[Result "0-1"]
[WhiteElo "1000"]
[BlackElo "1074"]
[PlyCount "106"]

1. f4 e6 2. d4 Be7 3. Nf3 h6 4. e3 f6 5. Bd3 g5 6. g3 b6 7. c3 Bb7 8. Rg1 Bd6
9. Ne5 g4 10. Nxg4 h5 11. Nf2 e5 12. Bg6+ Kf8 13. Bxh5 Qe7 14. Bg4 Rxh2 15. Qc2
exf4 16. gxf4 Bxf4 17. Na3 Bxe3 18. Bxe3 Qxe3+ 19. Qe2 Qxe2+ 20. Bxe2 Nc6 21.
Ng4 Rh4 22. O-O-O Re8 23. Bb5 Re4 24. Nf2 Re2 25. Rh1 Rf4 26. Nd3 Rf3 27. Rh8
Ree3 28. Rg1 Nce7 29. Bc4 d5 30. Bb5 c6 31. Ba4 Rxd3 32. Bc2 Rde3 33. Bh7 Rg3
34. Rf1 Kg7 35. Nc2 Ref3 36. Rxg8+ Nxg8 37. Rh1 Nh6 38. Ne1 Kh8 39. Nxf3 Rxf3
40. Bc2 Kg7 41. Rg1+ Kf8 42. Rh1 Ng4 43. Rh8+ Ke7 44. Bd1 Rf1 45. Rh7+ Ke6 46.
Rxb7 Nf2 47. Kd2 Nxd1 48. Ke2 Rh1 49. Rxa7 Nxb2 50. Ra6 Rh2+ 51. Ke1 Nc4 52.
Kf1 Rc2 53. Rxb6 Nxb6 0-1

[Event "Tournoi Skype 028B"]
[Site "Skype"]
[Date "????.??.??"]
[Round "9.57"]
[White "Gagnon, Sindy"]
[Black "Guevara, Lizbeth"]
[Result "1-0"]
[WhiteElo "1043"]
[BlackElo "1000"]
[PlyCount "127"]

1. e4 e5 2. Nf3 Bc5 3. Nxe5 Qf6 4. d4 Bb6 5. Bc4 Ba5+ 6. c3 d5 7. Bxd5 Be6 8.
Bxb7 Nd7 9. Bxa8 Nxe5 10. dxe5 Qe7 11. O-O Bd7 12. Bd5 Qxe5 13. Re1 c6 14. Bb3
Bc7 15. Qd3 Qxh2+ 16. Kf1 Qh1+ 17. Ke2 Bg4+ 18. f3 Qxg2+ 19. Kd1 Nf6 20. fxg4
Qxg4+ 21. Kd2 Bf4+ 22. Kc2 Qg2+ 23. Nd2 O-O 24. e5 Ng4 25. Kb1 Nf2 26. Qa6 Bg3
27. Bc2 Nh3 28. Qd3 Ng5 29. Ne4 Bxe1 30. Nxg5 g6 31. e6 Bh4 32. Nxf7 Kg7 33.
Qd6 Rc8 34. Qd7 Rb8 35. Qxa7 Bg3 36. Bh6+ Kf6 37. Bg5+ Kxe6 38. Bb3+ Kf5 39.
Qc5+ Ke4 40. a4 Qf1+ 41. Ka2 Qa6 42. Rd1 Bf4 43. Qd5+ Ke3 44. Qd4+ Kf3 45. Bxf4
Rxb3 46. Kxb3 Qb7+ 47. Ka2 Qxf7+ 48. Ka3 Qf8+ 49. b4 h5 50. Rd3+ Kg4 51. Bd2+
Kf5 52. Rf3+ Ke6 53. Re3+ Kf7 54. Qf4+ Kg8 55. Qg5 Qf6 56. Qh6 Kf7 57. Rg3 g5
58. Qh7+ Ke6 59. Rd3 h4 60. Qd7+ Ke5 61. c4 Qf5 62. Qd6+ Ke4 63. Bc3 h3 64.
Qd4# 1-0

[Event "Tournoi Skype 028B"]
[Site "Skype"]
[Date "????.??.??"]
[Round "9.58"]
[White "Rodriguez, Gisselle"]
[Black "Trapletti, Cosetta"]
[Result "0-1"]
[WhiteElo "1000"]
[BlackElo "1026"]
[PlyCount "80"]

1. d4 e6 2. Bf4 c6 3. e3 Bb4+ 4. c3 Ba5 5. b4 Bb6 6. Bd3 Nf6 7. h3 Nd5 8. Bg3
O-O 9. e4 Nf6 10. Nf3 d5 11. Nbd2 Nbd7 12. e5 Nxe5 13. Bxe5 Bc7 14. h4 Nh5 15.
Ng5 g6 16. g4 Nf4 17. Bxf4 Bxf4 18. Ndf3 e5 19. Qc2 exd4 20. Nxd4 Re8+ 21. Ne2
Bxg4 22. Rg1 Bh5 23. Kf1 Qe7 24. Nxf4 Bf3 25. Nxf3 Rad8 26. Re1 Qd7 27. Rxe8+
Rxe8 28. Kg2 Qg4+ 29. Kf1 Qxf3 30. Qd2 d4 31. Rg3 Qh1+ 32. Rg1 Qxh4 33. Ne2 Re6
34. Qf4 Qh3+ 35. Rg2 dxc3 36. Qb8+ Kg7 37. Qd8 Qh1+ 38. Rg1 Qh3+ 39. Ke1 Qh2
40. Qg5 c2 0-1

[Event "Tournoi Skype 028B"]
[Site "Skype"]
[Date "????.??.??"]
[Round "9.59"]
[White "Duenas Luna, Carlos Eduardo"]
[Black "Martins, Rodrigo Baldo"]
[Result "1/2-1/2"]
[WhiteElo "1000"]
[BlackElo "1000"]
[PlyCount "107"]

1. e4 e5 2. Bc4 d5 3. Bxd5 Qe7 4. Nc3 c6 5. Bb3 Nf6 6. d3 Bg4 7. f3 Bh5 8. Bg5
Nbd7 9. d4 O-O-O 10. d5 Qc5 11. dxc6 Qxc6 12. Qe2 Be7 13. Bxf6 Bxf6 14. Qb5
Bh4+ 15. g3 Qxb5 16. Nxb5 Be7 17. Nxa7+ Kb8 18. Nb5 Bb4+ 19. c3 Bc5 20. g4 Bg6
21. a4 Bb6 22. a5 Bf2+ 23. Kxf2 Nc5 24. Bc4 Rd2+ 25. Ne2 Rxb2 26. h4 h5 27. g5
Rd8 28. Rhb1 Rxb1 29. Rxb1 Nxe4+ 30. fxe4 Bxe4 31. Rb2 Rd7 32. Na3 Bc6 33. a6
b6 34. Rxb6+ Kc7 35. Rb2 Ba8 36. Nb5+ Kc8 37. Na3 Kc7 38. Nb5+ Kb6 39. a7 Kc5
40. Ba2 Bc6 41. c4 Rd3 42. Nc7 Rd8 43. Nc3 Kd4 44. N3b5+ Ke4 45. Re2+ Kf5 46.
Nc3 Rd3 47. Re3 Rd2+ 48. Re2 Rd4 49. a8=Q Bxa8 50. Nxa8 Rf4+ 51. Ke1 Rxh4 52.
Rf2+ Rf4 53. Nc7 Kxg5 54. c5 1/2-1/2

[Event "Tournoi Skype 028B"]
[Site "Skype"]
[Date "????.??.??"]
[Round "9.61"]
[White "Fuentes, Francisco"]
[Black "Marty, Yvette"]
[Result "1-0"]
[WhiteElo "1000"]
[BlackElo "1000"]
[PlyCount "35"]

1. e4 e5 2. Nf3 Nc6 3. Bc4 Bc5 4. O-O g6 5. d3 Nf6 6. Nc3 O-O 7. Nd5 Nxd5 8.
Bxd5 Qe8 9. Qd2 Nd4 10. Ng5 c6 11. Bc4 a5 12. b3 Bb4 13. Qe3 Nxc2 14. Qb6 Nxa1
15. Bb2 Nc2 16. Nf3 Nd4 17. Nxd4 exd4 18. Bxd4 1-0